LEADER 00985cam0-22003491i-450- 001 990007762870403321 005 20050406134449.0 010 $a88-13-19021-2 035 $a000776287 035 $aFED01000776287 035 $a(Aleph)000776287FED01 035 $a000776287 100 $a20030814d1995----km-y0itay50------ba 101 0 $aita 102 $aIT 200 1 $aPersona e mass media$ela tutela della persona nelle trasmissioni televisive tra autonomia contrattuale e diritti fondamentali$fClaudia Ridolfi 210 $aPadova$cCEDAM$d1995 215 $aXI, 124 p.$d24 cm 676 $a346 676 $a346.01 700 1$aRidolfi,$bClaudia$0262655 801 0$aIT$bUNINA$gRICA$2UNIMARC 901 $aBK 912 $a990007762870403321 952 $a19-E-212$b8425$fDDCP 952 $aA-I-A-105$b7308 dip$fDDRC 952 $aIX B 25$b1395$fDDCIC 959 $aDDCP 959 $aDDRC 959 $aDDCIC 996 $aPersona e mass media$9667377 997 $aUNINA LEADER 01152nam a2200289 i 4500 001 991002500419707536 005 20020508201258.0 008 010704s1977 it 000 0 ita d 035 $ab11018768-39ule_inst 035 $aPARLA163823$9ExL 040 $aDip.to Filosofia$bita 082 0 $a331.80945 100 1 $aTrentin, Bruno$0120728 245 10$aDa sfruttati a produttori :$blotte operaie e sviluppo capitalistico dal miracolo economico alla crisi /$cBruno Trentin 260 $aBari :$bDe Donato,$cc1977 300 $aX, 353 p. ;$c21 cm 490 0 $aMovimento operaio ;$v37 500 $aScritti vari 650 4$aMovimento operaio$zItalia$y1960-1975 650 4$aSindacati$zItalia$y1960-1975 907 $a.b11018768$b23-02-17$c28-06-02 912 $a991002500419707536 945 $aLE005IF XXXVII F 31$g1$iLE005IFA-12240$lle005$o-$pE0.00$q-$rl$s- $t0$u0$v0$w0$x0$y.i11137812$z28-06-02 945 $aLE022 MP 82 F 31$g1$i2022000146685$lle022$o-$pE0.00$q-$rl$s- $t0$u1$v0$w1$x0$y.i13519050$z03-05-04 996 $aDa sfruttati a produttori$9486502 997 $aUNISALENTO 998 $ale005$ale022$b01-01-01$cm$da $e-$fita$git $h0$i1